Normal view
MARC view
Entry Personal Name
001 - CONTROL NUMBER
- control field: 8041
003 - CONTROL NUMBER IDENTIFIER
- control field: OSt
005 - DATE AND TIME OF LATEST TRANSACTION
- control field: 20211028144336.0
008 - FIXED-LENGTH DATA ELEMENTS
- fixed length control field: 211028|| aca||aabn | a|a d
040 ## - CATALOGING SOURCE
- Original cataloging agency: OSt
- Transcribing agency: OSt
100 ## - HEADING--PERSONAL NAME
- Personal name: Lobo, Flavian Jason; Dias, Beena.
- Miscellaneous information: 1716062
670 ## - SOURCE DATA FOUND
- Source citation: Work cat.: (OSt): Lobo, Flavian Jason; Dias, Beena. 1716062, Study on customers buying behaviour with relation to fertilizers of aspinwall and company Ltd Mangalore., 2019